拼音Z开头的中国县级行政区County-Level Regions Starts with Pinyin Z in China - Statistics

General Stats
  • This quiz has been taken 55 times
  • The average score is 72 of 129
Answer Stats
答案 % Correct
赵县
97%
邹城市
91%
肇州县
89%
邹平市
86%
枣阳市
80%
肇东市
80%
枝江市
80%
芷江侗族自治县
80%
中山区
80%
准格尔旗
80%
增城区
77%
镇平县
77%
淄川区
77%
遵化市
77%
漳浦县
74%
招远市
74%
肇源县
74%
忠县
74%
钟山区
74%
钟山县
74%
庄河市
74%
资阳区
74%
诏安县
71%
竹山县
71%
涿州市
71%
枞阳县
71%
赞皇县
69%
泽州县
69%
张家港市
69%
镇远县
69%
正阳县
69%
政和县
69%
诸城市
69%
竹溪县
69%
紫阳县
69%
曾都区
66%
沾化区
66%
张北县
66%
张店区
66%
漳平市
66%
柘城县
66%
柘荣县
66%
镇安县
66%
左云县
66%
柞水县
63%
资源县
63%
子长市
63%
漳县
60%
振兴区
60%
镇宁布依族苗族自治县
60%
正定县
60%
杂多县
57%
昭化区
57%
昭阳区
57%
镇海区
57%
镇赉县
57%
镇坪县
57%
蒸湘区
57%
中原区
57%
卓资县
57%
扎兰屯市
54%
沾益区
54%
张湾区
54%
章丘区
54%
昭平县
54%
正安县
54%
周宁县
54%
诸暨市
54%
站前区
51%
镇雄县
51%
中江县
51%
中宁县
51%
中阳县
51%
钟祥市
51%
资兴市
51%
梓潼县
51%
左权县
51%
枣强县
49%
札达县
49%
长子县
49%
振安区
49%
正蓝旗
49%
芝罘区
49%
治多县
49%
中牟县
49%
钟楼区
49%
周村区
49%
珠山区
49%
资中县
49%
子洲县
49%
湛河区
46%
召陵区
46%
浈江区
46%
镇巴县
46%
镇沅彝族哈尼族拉祜族自治县
46%
镇原县
46%
中方县
46%
秭归县
46%
紫金县
46%
紫云苗族布依族自治县
46%
自流井区
46%
泽普县
43%
张家川回族自治县
43%
章贡区
43%
樟树市
43%
正宁县
43%
志丹县
43%
周至县
43%
涿鹿县
43%
彰武县
40%
贞丰县
40%
镇康县
40%
中站区
40%
珠晖区
40%
昭觉县
37%
正镶白旗
37%
织金县
37%
仲巴县
37%
舟曲县
37%
卓尼县
37%
资溪县
37%
扎赉特旗
34%
扎囊县
34%
泽库县
29%
昭苏县
29%
左贡县
29%
扎赉诺尔区
26%
庄浪县
26%
扎鲁特旗
23%
No matching quizzes found
Score Distribution
Percent of People with Each Score
Percentile by Number Answered
Your Score History
You have not taken this quiz